banner-ar

معدات التبريد : مبادى - تطبيقات - مسائل - محلولة / (Record no. 33216)

MARC details
000 -الفاتح
حقل البيانات ثابتة الطول 00737nam a2200229Ia 4500
008 - عناصر البيانات ثابتة الطول - معلومات عامة
حقل البيانات ثابتة الطول 140319s9999 xx 000 0 ara d
040 ## - مصدر الفهرسة
وكالة الفهرسة الأصلية GCL /
وكالة النسخ GCL
082 04 - رقم تصنيف ديوى العشرى
رقم التصنيف 621.56
رقم المادة ر م
100 1# - المدخل الرئيسى - إسم شخصى
الإسم الشخصى رمضان احمد محمود
245 10 - بيان العنوان
العنوان معدات التبريد : مبادى - تطبيقات - مسائل - محلولة /
بيان المسئوليه,etc رمضان احمد محمود
260 ## - PUBLICATION, DISTRIBUTION, ETC. (IMPRINT)
تاريخ النشر أو التوزيع 1991
300 ## - الوصف المادى
التعداد 737 ص
490 ## - بيان السلسلة
عنوان السلسلة
650 04 - المدخل الاضافى بالموضوع-مصطلح موضوعى
مصطلح موضوعي التبريد
650 04 - المدخل الاضافى بالموضوع-مصطلح موضوعى
مصطلح موضوعي الثلاجات
650 04 - المدخل الاضافى بالموضوع-مصطلح موضوعى
مصطلح موضوعي تكييف الهواء
650 04 - المدخل الاضافى بالموضوع-مصطلح موضوعى
مصطلح موضوعي الهواء المضغوط
650 04 - المدخل الاضافى بالموضوع-مصطلح موضوعى
مصطلح موضوعي غرف التبريد
650 04 - المدخل الاضافى بالموضوع-مصطلح موضوعى
مصطلح موضوعي مخازن التبريد
942 ## - عناصر المدخل الإضافي( كوها)
مصدر التصنيف او مخطط الترفيف Dewey Decimal Classification
Koha [default] item type كتاب
260 ## - PUBLICATION, DISTRIBUTION, ETC. (IMPRINT)
-- [S.N] :
-- منشاة المعارف الاسلامية ،
Holdings
حالة التراجع حالة الفقد حالة تلف ليس للاعارة المكان المؤقت الموقع الحالى تاريخ الاكتساب اجمالي اﻻعارات رقم الطلب الباركود تاريخ اخر مشاهدة تاريخ تفعيل السعر نوع وعاء كوها
        مكتبة القاهرة الكبرى مكتبة القاهرة الكبرى 03/26/2014   621.56\ر م 78933 03/26/2014 03/26/2014 كتاب
        مكتبة القاهرة الكبرى مكتبة القاهرة الكبرى 03/26/2014   621.56\ر م 78934 03/26/2014 03/26/2014 كتاب

Powered By

EGPV